The Evolution of protein structure and function : a symposium in honor of Professor Emil L. Smith /

The Evolution of Protein Structure and Function documents the proceedings of the symposium """"Evolution of Protein Structure and Function"""" held at the Dickson Art Auditorium, University of California Los Angeles (UCLA), 28-29 June 1979. Its objective was t...

Full description

Bibliographic Details
Corporate Author: ScienceDirect (Online service)
Other Authors: Smith, Emil L., 1911-2009, Sigman, D. S., Brazier, Mary A. B. (Mary Agnes Burniston), 1904-1995
Format: eBook
Language:English
Published: New York : Academic Press, 1980.
Series:UCLA forum in medical sciences ; no. 21.
Subjects:
Online Access:Connect to the full text of this electronic book

MARC

Tag First Indicator Second Indicator Subfields
LEADER 00000cam a2200000 i 4500
001 in00005755313
005 20260326205523.0
006 m o d
007 cr cnu---unuuu
008 140627s1980 nyua ob 111 0 eng d
040 |a OPELS  |b eng  |e rda  |e pn  |c OPELS  |d OCLCF  |d IDEBK  |d E7B  |d N$T  |d OCLCE  |d YDXCP  |d OCLCQ  |d OCLCO  |d EBLCP  |d OCLCO  |d DEBSZ  |d DEBBG  |d OCL  |d OCLCQ  |d OCLCO  |d OCLCQ  |d OCLCO  |d OCL  |d OCLCO  |d MERUC  |d OCLCQ  |d OCLCO  |d UKAHL  |d OCLCA  |d INARC  |d OCLCO  |d OCLCQ  |d OCLCO  |d OCLCQ  |d OCL  |d OCLCO  |d OCLCL 
066 |c (S 
019 |a 895434314  |a 899726641  |a 907144769  |a 1038173192  |a 1100922475  |a 1280775473 
020 |a 9781483262819  |q (electronic bk.) 
020 |a 1483262812  |q (electronic bk.) 
020 |z 0126431507 
020 |z 9780126431506 
035 |a (OCoLC)881853523  |z (OCoLC)895434314  |z (OCoLC)899726641  |z (OCoLC)907144769  |z (OCoLC)1038173192  |z (OCoLC)1100922475  |z (OCoLC)1280775473 
042 |a dlr 
050 4 |a QP551  |b .E94 1980eb 
060 4 |a W3  |b U17 no.21 1980 
060 4 |a QU 55  |b E93 1979 
072 7 |a SCI  |x 008000  |2 bisacsh 
082 0 4 |a 574.19/245  |2 22 
049 |a TXAM 
245 0 4 |a The Evolution of protein structure and function :  |b a symposium in honor of Professor Emil L. Smith /  |c edited by David S. Sigman, Mary A.B. Brazier. 
264 1 |a New York :  |b Academic Press,  |c 1980. 
300 |a 1 online resource (xvii, 350 pages) :  |b illustrations 
336 |a text  |b txt  |2 rdacontent 
337 |a computer  |b c  |2 rdamedia 
338 |a online resource  |b cr  |2 rdacarrier 
490 1 |a UCLA forum in medical sciences ;  |v number 21 
500 |a Held Dickson Art Auditorium, University of California, Los Angeles, June 28-29, 1979. 
504 |a Representative publications of Emil leaves Smith (1935-1979) ": pages 327-331 
504 |a Includes bibliographical references and indexes. 
588 0 |a Print version record. 
538 |a Master and use copy. Digital master created according to Benchmark for Faithful Digital Reproductions of Monographs and Serials, Version 1. Digital Library Federation, December 2002.  |u http://purl.oclc.org/DLF/benchrepro0212  |5 MiAaHDL 
583 1 |a digitized  |c 2011  |h HathiTrust Digital Library  |l committed to preserve  |2 pda  |5 MiAaHDL 
505 0 |a Front Cover; The Evolution of Protein Structure and Function; Copyright Page; Table of Contents; List of Contributors and Participants; Preface; Other Titles in the Series; Introductory Review to a Symposium Concerned with Forty Years of Research on Proteins; STANFORD MOORE; Amino Acid Analysis; Ribonuclease; Rihonuclease Revisited; The Ribonuclease Inhibitor from the Human Placenta; Conclusion; References; PART I: ENZYMOLOGY; Chapter 1. On the Role of the recA Protein of Escherichia coli in General Recombination; recA Protein: A DNA-Dependent Nucleoside Triphosphatase. 
505 8 |a Annealing of Complementary Single Strands of DNA Catalyzed by ret·A ProteinBinding of recA Protein to Duplex DNA in the Presence of a Nucleoside Triphosphate; Assimilation of Homologous Single Strands into Duplex DNA by recA Protein; Discussion; References; Chapter 2. Experimental Enzyme Evolution; Evolution of Enzyme Families; Experimental Evolution; Evolution of Xylitol Dehydrogenases; Superproduction of Ribitol Dehydrogenase; Ribitol Dehydrogenase mRNA; Transfer of Pentitol Operons to Escherichia coli K12; Specialized Transducing Phages Containing the Pentitol Opérons. 
505 8 |6 880-01  |a ConclusionReferences; PART II: PROTEIN STRUCTURE AND FUNCTION; Chapter 6. Glycoprotein Hormones: Similar Molecules with Different Functions; Text; References; Chapter 7. Thymus Hormones: Diverse Molecules Producing Similar Biological Actions; Historical Background; Criteria for Designation of a Preparation as a Thymic Hormone; Purified Molecules with Thymic Hormone-like Activity; Protein Fraction from Human Plasma with Thymic Hormone-like Activity; Biological Activities of Fraction 3; Conclusion; References; Chapter 8. Chromosome Biology and Chemistry; Introduction. 
505 8 |a Primary Structure of the HistonesHistone Sequencing-A Growth Industry; Histone Biology; The Expressed Portion of the Genome; What Makes Chromatin Template Active?; High-Mobility Group and Related Proteins; A General Picture; References; Chapter 9. The Evolution of Histones in Relationship to Recent Advances in Elucidating Chromatin Structure; Text; References; Chapter 10. Thermal Stability and Protein Structure; Introduction; Method; Stabilizing Effects of the Preferred Exchanges; Useful Exchanges for Evolving Stability; Conclusions; References; PART III: EVOLUTION OF PROTEINS. 
520 |a The Evolution of Protein Structure and Function documents the proceedings of the symposium """"Evolution of Protein Structure and Function"""" held at the Dickson Art Auditorium, University of California Los Angeles (UCLA), 28-29 June 1979. Its objective was to honor Professor Emil L. Smith on the occasion of his retirement as Professor and Chairman, Department of Biological Chemistry, School of Medicine, UCLA. The papers presented by Emil's colleagues, friends, and students from all phases of his long and varied scientific career provided a valuable review of enzymology, protein chemistry, an 
600 1 0 |a Smith, Emil L.,  |d 1911-2009. 
600 1 6 |a Smith, Emil L.,  |d 1911- 
600 1 7 |a Smith, Emil L.,  |d 1911-2009  |2 fast  |1 https://id.oclc.org/worldcat/entity/E39PBJfCyJDXMdgFqMb476fjG3 
650 0 |a Proteins  |x Structure  |v Congresses. 
650 0 |a Proteins  |x Evolution  |v Congresses. 
650 0 |a Proteins  |x Congresses. 
650 0 |a Molecular evolution  |x Congresses. 
650 0 |a Structure-activity relationships (Biochemistry)  |v Congresses. 
650 0 |a Proteins. 
650 2 |a Proteins 
650 6 |a Protéines  |x Congrès. 
650 6 |a Évolution moléculaire  |x Congrès. 
650 6 |a Relations structure-activité (Biochimie)  |v Congrès. 
650 6 |a Protéines  |x Structure  |v Congrès. 
650 6 |a Protéines  |x Évolution  |v Congrès. 
650 6 |a Protéines. 
650 7 |a protein.  |2 aat 
650 7 |a SCIENCE  |x Life Sciences  |x Biology.  |2 bisacsh 
650 7 |a Structure-activity relationships (Biochemistry)  |2 fast 
650 7 |a Proteins  |2 fast 
650 7 |a Molecular evolution  |2 fast 
650 7 |a Proteins  |x Evolution  |2 fast 
650 7 |a Proteins  |x Structure  |2 fast 
653 0 |a Proteins  |a Evolution  |a Congresses 
653 0 |a Proteins  |a Structure  |a Congresses 
653 2 |a Proteins / congresses 
653 2 |a Proteins / physiology / congresses 
655 7 |a Electronic books.  |2 local 
655 2 |a Congress 
655 7 |a proceedings (reports)  |2 aat 
655 7 |a Festschriften  |2 fast 
655 7 |a Conference papers and proceedings  |2 fast 
655 7 |a Festschriften.  |2 lcgft 
655 7 |a Conference papers and proceedings.  |2 lcgft 
655 7 |a Actes de congrès.  |2 rvmgf 
700 1 |a Smith, Emil L.,  |d 1911-2009.  |1 https://id.oclc.org/worldcat/entity/E39PBJfCyJDXMdgFqMb476fjG3 
700 1 |a Sigman, D. S. 
700 1 |a Brazier, Mary A. B.  |q (Mary Agnes Burniston),  |d 1904-1995.  |1 https://id.oclc.org/worldcat/entity/E39PBJqKgD3th98h6vbyyfjt8C 
710 2 |a ScienceDirect (Online service) 
758 |i has work:  |a The evolution of protein structure and function (Text)  |1 https://id.oclc.org/worldcat/entity/E39PCFQ6QvjhGjC37QQjRQQdcd  |4 https://id.oclc.org/worldcat/ontology/hasWork 
776 0 8 |i Print version:  |t Evolution of protein structure and function  |z 0126431507  |w (DLC) 80018140  |w (OCoLC)6581210 
830 0 |a UCLA forum in medical sciences ;  |v no. 21. 
856 4 0 |u http://proxy.library.tamu.edu/login?url=https://www.sciencedirect.com/science/book/9780126431506  |z Connect to the full text of this electronic book  |t 0 
880 8 |6 505-01/(S  |a Evolution of the Pentitol OperonsDNA Sequences of the Pentitol Operons; Conclusion; References; Chapter 3. β-Galactosidase and the Lactose Operon; Text; References; Chapter 4. Glycosyltransferases in Analysis of Oligosaccharide Structure and Function; Introduction; Purification of Glycosyltransferases; Glycosyltransferases in Oligosaccharide Biosynthesis; Glycosyltransferases in the Analysis of Oligosaccharide Structure and Function; References; Chapter 5. Metal loenzymes; Introduction; Carbonic Anhydrase; ""Blue"" Copper Proteins; Cytochrome c Oxidase; The Mechanism of Reduction of Dioxygen. 
955 |a Elsevier ScienceDirect 2026-2027 
994 |a 92  |b TXA 
999 f f |i 47c8d627-5a53-4557-97e1-ef3dd15337a1  |s 65039e05-0368-4597-8764-ad106b25b825  |t 0 
952 f f |a Texas A&M University  |b College Station  |c Electronic Resources  |s www_evans  |d Available Online  |t 0  |e QP551 .E94 1980eb  |h Library of Congress classification 
998 f f |a QP551 .E94 1980eb  |t 0  |l Available Online